[Event "1.Deut.ChessOrgAmatPok Voelklingen GrC"]
[Site "?"]
[Date "2000.10.07"]
[Round "2"]
[White "Rossmanith, Frederic"]
[Black "Weinz, Andre"]
[Result "1-0"]
[WhiteElo "1450"]
[BlackElo "1288"]
[PlyCount "39"]
[EventDate "2000.??.??"]

1. e4 b6 2. Nf3 Bb7 3. Nc3 e6 4. Bc4 Bb4 5. d3 Bxc3+ 6. bxc3 Qf6 7. Bb2 Nc6 8.
Rb1 Na5 9. Bb3 Qg6 10. O-O O-O-O 11. Ne5 Qf6 12. c4 d6 13. Nc6 e5 14. Nxd8 Kxd8
15. Bc3 Nc6 16. a4 h5 17. f4 Rh6 18. fxe5 Qg6 19. exd6 cxd6 20. c5 1-0

[Event "1.Deut.ChessOrgAmatPok Voelklingen GrC"]
[Site "?"]
[Date "2000.10.07"]
[Round "2"]
[White "Bastian, Stephan"]
[Black "Bruene, Gerhard,Prf."]
[Result "0-1"]
[WhiteElo "491"]
[BlackElo "1345"]
[PlyCount "78"]
[EventDate "2000.??.??"]

1. e4 c5 2. Nf3 Nc6 3. c3 d6 4. d4 cxd4 5. cxd4 Bd7 6. d5 Ne5 7. Bf4 Nxf3+ 8.
Qxf3 Nf6 9. e5 dxe5 10. Bxe5 Rc8 11. Nc3 Bg4 12. Qe3 a6 13. Bxf6 gxf6 14. h3
Bh5 15. g4 Bg6 16. f4 f5 17. g5 Bg7 18. Rd1 Qa5 19. d6 Bxc3+ 20. bxc3 Qxc3+ 21.
Qxc3 Rxc3 22. d7+ Kd8 23. h4 Bh5 24. Rd2 Re3+ 25. Kf2 Rf3+ 26. Kg2 Rxf4 27. Be2
Bxe2 28. Rxe2 Rc4 29. Rd2 Rg8 30. Rb1 b5 31. Rf1 e6 32. Kg3 h6 33. Rf4 Rc3+ 34.
Rf3 Rxf3+ 35. Kxf3 hxg5 36. hxg5 Rxg5 37. Kf4 Rg4+ 38. Ke5 Re4+ 39. Kf6 f4 0-1

[Event "1.Deut.ChessOrgAmatPok Voelklingen GrC"]
[Site "?"]
[Date "2000.10.07"]
[Round "2"]
[White "Pillath, Marcus"]
[Black "Zimmer, Bernhard"]
[Result "1-0"]
[WhiteElo "1338"]
[BlackElo "729"]
[PlyCount "61"]
[EventDate "2000.??.??"]

1. Nf3 g6 2. d4 Bg7 3. Bf4 d6 4. c3 Nf6 5. Nbd2 b5 6. e3 a6 7. Be2 c5 8. O-O
Nc6 9. h3 e5 10. dxe5 dxe5 11. Nxe5 Nxe5 12. Bxe5 Qd5 13. Bf3 Qxe5 14. Bxa8 O-O
15. Nf3 Qf5 16. e4 Nxe4 17. Bxe4 Qxe4 18. Re1 Qf5 19. Rc1 Bb7 20. Qc2 Qh5 21.
Qe2 Bc6 22. Ne5 Qxe2 23. Rxe2 Bd5 24. Nd7 Bc4 25. Re7 Be6 26. Nxf8 Bxf8 27. Ra7
Bh6 28. Ra8+ Kg7 29. Rxa6 Bc4 30. Rc6 Bxa2 31. Rxc5 1-0

[Event "1.Deut.ChessOrgAmatPok Voelklingen GrC"]
[Site "?"]
[Date "2000.10.07"]
[Round "2"]
[White "Cara, Bogdan"]
[Black "Umla, Rudolf"]
[Result "0-1"]
[WhiteElo "1331"]
[BlackElo "1617"]
[PlyCount "62"]
[EventDate "2000.??.??"]

1. e4 e5 2. Nf3 Nc6 3. Bc4 Nf6 4. d4 exd4 5. O-O Be7 6. Re1 d6 7. Nxd4 O-O 8.
Nc3 Re8 9. Nxc6 bxc6 10. Bg5 Nd7 11. Bxe7 Qxe7 12. Re3 a5 13. Qd2 Qg5 14. Rf1
Ne5 15. Be2 Bh3 16. g3 Bxf1 17. Kxf1 Ng4 18. Bxg4 Qxg4 19. Kg2 Re6 20. h3 Qh5
21. f4 Rae8 22. g4 Qc5 23. a3 d5 24. Na4 Qb5 25. Nc3 Qxb2 26. f5 Re5 27. Kf2
Qb6 28. Kf3 d4 29. Re2 dxc3 30. Qxc3 Qc5 31. Qxc5 Rxc5 0-1

[Event "1.Deut.ChessOrgAmatPok Voelklingen GrC"]
[Site "?"]
[Date "2000.10.07"]
[Round "2"]
[White "Braun, Konstantin"]
[Black "Mueller, Ronny"]
[Result "0-1"]
[WhiteElo "282"]
[BlackElo "1433"]
[PlyCount "108"]
[EventDate "2000.??.??"]

1. e4 c5 2. Nf3 d6 3. d4 cxd4 4. Nxd4 Nf6 5. Nc3 g6 6. Bc4 Bg7 7. O-O O-O 8.
Bg5 Nc6 9. Bxf6 Bxf6 10. Nxc6 bxc6 11. Qd2 Bd7 12. Rad1 Qc7 13. Qh6 Rab8 14. b3
Bxc3 15. Rd3 Bg7 16. Qg5 Bf6 17. Qh6 c5 18. Re1 Be6 19. Bxe6 fxe6 20. Rh3 Rf7
21. Ree3 Qd8 22. Ref3 Qf8 23. Qe3 Bd4 24. Rxf7 Qxf7 25. Qg3 Rf8 26. Kf1 Bxf2
27. Qf3 Qxf3 28. gxf3 Bd4 29. Kg2 Be5 30. Rh4 Rf4 31. Rh3 d5 32. exd5 exd5 33.
Kf2 Bd4+ 34. Ke2 e5 35. c4 dxc4 36. bxc4 e4 37. fxe4 Rxe4+ 38. Kd3 Rf4 39. Kc2
Rf2+ 40. Kb3 Rb2+ 41. Ka3 Rf2 42. Kb3 Be5 43. a3 Rxh2 44. Rxh2 Bxh2 45. Ka4 g5
46. Kb5 Bd6 47. Kc6 Bf8 48. Kb7 g4 49. Kxa7 g3 50. a4 g2 51. a5 g1=Q 52. a6
Qg7+ 53. Kb8 Bd6+ 54. Kc8 Qc7# 0-1

[Event "1.DeutChessOrgAmatPokVoelklingen GrAB"]
[Site "?"]
[Date "2000.10.08"]
[Round "3"]
[White "Bastian, Herbert"]
[Black "Lacrosse, Marc"]
[Result "1-0"]
[WhiteElo "2354"]
[BlackElo "2298"]
[PlyCount "83"]
[EventDate "2000.??.??"]

1. e4 e5 2. Nf3 Nc6 3. Bc4 Bc5 4. c3 Nf6 5. d3 a6 6. O-O Ba7 7. Nbd2 O-O 8. Bb3
d5 9. exd5 Nxd5 10. Nc4 Re8 11. Re1 Bg4 12. h3 Bxf3 13. Qxf3 Qf6 14. Qxf6 Nxf6
15. Bg5 Nd7 16. Rad1 Nc5 17. Bc2 Ne6 18. Bc1 f6 19. g3 Rad8 20. Kg2 g6 21. f4
exf4 22. Bxf4 b5 23. Nd2 Nxf4+ 24. gxf4 Ne7 25. Bb3+ Kg7 26. d4 Nf5 27. Be6 Nd6
28. b4 Re7 29. Kf2 Rde8 30. Bd5 Rxe1 31. Rxe1 Rxe1 32. Kxe1 Kf8 33. Ne4 Ke7 34.
Nc5 Bxc5 35. dxc5 Nc4 36. Ke2 g5 37. Bxc4 bxc4 38. fxg5 fxg5 39. a4 c6 40. h4
gxh4 41. Kf3 a5 42. bxa5 1-0

[Event "1.DeutChessOrgAmatPokVoelklingen GrAB"]
[Site "?"]
[Date "2000.10.08"]
[Round "3"]
[White "Muranyi, Karl-Jasmin"]
[Black "Lang, Torsten"]
[Result "1/2-1/2"]
[WhiteElo "2297"]
[BlackElo "2291"]
[PlyCount "26"]
[EventDate "2000.??.??"]

1. Nc3 d5 2. e4 d4 3. Nce2 e5 4. Ng3 h5 5. Bc4 h4 6. Nf1 Qg5 7. Qf3 Qg6 8. h3
Nc6 9. a3 d3 10. c3 Nf6 11. Bxd3 Be6 12. Ne3 O-O-O 13. Be2 Bc5 1/2-1/2

[Event "1.DeutChessOrgAmatPokVoelklingen GrAB"]
[Site "?"]
[Date "2000.10.08"]
[Round "3"]
[White "Augustin, Christian"]
[Black "Wilmes, Marcel"]
[Result "1-0"]
[WhiteElo "2138"]
[BlackElo "1820"]
[PlyCount "59"]
[EventDate "2000.??.??"]

1. d4 Nf6 2. Bg5 Ne4 3. Bf4 d5 4. e3 c6 5. f3 Qa5+ 6. c3 Nd6 7. Bd3 c5 8. Nd2
c4 9. Bc2 e6 10. Qe2 Be7 11. e4 Qd8 12. Nh3 O-O 13. Bxd6 Bxd6 14. e5 Be7 15. f4
g6 16. Nf3 Nc6 17. Nhg5 b5 18. a3 a5 19. Qf2 Kg7 20. h4 h5 21. Qg3 Qe8 22. Kf2
Bd7 23. Qh3 f5 24. exf6+ Bxf6 25. Qg3 Ne7 26. Rae1 Qc8 27. Ne5 Nf5 28. Bxf5
exf5 29. Nxd7 Bxg5 30. Qxg5 1-0

[Event "1.DeutChessOrgAmatPokVoelklingen GrAB"]
[Site "?"]
[Date "2000.10.08"]
[Round "3"]
[White "Blasius, Stefan"]
[Black "Busche, Stephan"]
[Result "1-0"]
[WhiteElo "1717"]
[BlackElo "2136"]
[PlyCount "113"]
[EventDate "2000.??.??"]

1. b4 d5 2. Bb2 Bg4 3. Nf3 Nd7 4. e3 e6 5. a3 Ngf6 6. Be2 Bd6 7. c4 c6 8. cxd5
cxd5 9. Nc3 O-O 10. Nb5 Bb8 11. Nfd4 Bxe2 12. Nxe2 a6 13. Nbd4 Ne5 14. d3 Ng6
15. Nf3 e5 16. Ng3 Re8 17. O-O Ba7 18. Qb3 Rc8 19. Rac1 Qd6 20. Rfd1 b5 21. Nf5
Qd7 22. Ng3 Rxc1 23. Rxc1 Ng4 24. d4 e4 25. Nd2 Ne7 26. h3 Nh6 27. Qd1 Rc8 28.
Nb3 Rc6 29. Rxc6 Qxc6 30. Nc5 Bb8 31. Nf1 Nhf5 32. Qg4 g6 33. Ng3 Bxg3 34. fxg3
Qd6 35. Kf2 Nc8 36. Qf4 Qb6 37. Qe5 Ncd6 38. Nd7 Qc7 39. Nf6+ Kf8 40. Nxh7+ Kg8
41. Nf6+ Kf8 42. Nxd5 Qc2+ 43. Kg1 Kg8 44. Ne7+ Nxe7 45. d5 Kf8 46. Qxd6 Qxb2
47. Qd8+ Kg7 48. Qxe7 Qxa3 49. Qxe4 a5 50. Qe5+ f6 51. Qc7+ Kh6 52. d6 Qxe3+
53. Kh2 axb4 54. d7 b3 55. Qf4+ Qxf4 56. gxf4 b2 57. d8=Q 1-0

[Event "1.DeutChessOrgAmatPokVoelklingen GrAB"]
[Site "?"]
[Date "2000.10.08"]
[Round "3"]
[White "Packroff, Hermann"]
[Black "Morenko, Dmitro"]
[Result "0-1"]
[WhiteElo "2250"]
[BlackElo "2112"]
[PlyCount "102"]
[EventDate "2000.??.??"]

1. d4 Nf6 2. Bg5 e6 3. e4 h6 4. Bxf6 Qxf6 5. Nf3 d6 6. Nc3 Nd7 7. Qd2 a6 8.
O-O-O Qe7 9. h4 g6 10. Ne1 Nb6 11. f4 h5 12. Kb1 Bh6 13. Qf2 Bd7 14. g3 O-O-O
15. Bh3 f5 16. Bg2 e5 17. dxe5 dxe5 18. fxe5 Kb8 19. Nd3 Rhf8 20. Nd5 Nxd5 21.
exd5 f4 22. e6 fxg3 23. Qxg3 Be8 24. Rhf1 Rg8 25. Ne5 Qd6 26. Qe1 Bg7 27. Nf7
Qb6 28. c3 Rc8 29. Ka1 Ba4 30. Rd2 Qa5 31. Kb1 Qb6 32. Qg3 Bb5 33. Re1 Ka8 34.
Qf3 Rb8 35. Ka1 a5 36. Qf4 a4 37. Qb4 Qa6 38. Qf4 a3 39. Qb4 axb2+ 40. Rxb2 Bc4
41. d6 c5 42. Qxb7+ Rxb7 43. Bxb7+ Qxb7 44. Rxb7 Bxc3+ 45. Kb1 Kxb7 46. e7 Bb5
47. Re3 Bf6 48. d7 Bxd7 49. Nd6+ Kc6 50. e8=Q Bxe8 51. Nxe8 Bd4 0-1

[Event "1.DeutChessOrgAmatPokVoelklingen GrAB"]
[Site "?"]
[Date "2000.10.08"]
[Round "3"]
[White "Becking, Franz Josef"]
[Black "Becker, Thomas"]
[Result "0-1"]
[WhiteElo "2095"]
[BlackElo "2175"]
[PlyCount "64"]
[EventDate "2000.??.??"]

1. e4 c5 2. Nf3 d6 3. Nc3 a6 4. d4 cxd4 5. Nxd4 Nf6 6. Be2 e5 7. Nb3 Be7 8. Be3
Be6 9. O-O O-O 10. Qd2 b5 11. a3 Nbd7 12. f4 exf4 13. Bxf4 Ne5 14. Nd4 Qb6 15.
Kh1 Nc4 16. Bxc4 bxc4 17. Nxe6 fxe6 18. Rab1 Nh5 19. Rf3 Nxf4 20. Rxf4 Bf6 21.
Na4 Qc6 22. b3 Rab8 23. Rff1 Be5 24. Rxf8+ Rxf8 25. Qe2 Rb8 26. Qe1 h6 27. h3
Kh7 28. Kg1 cxb3 29. Rxb3 Rf8 30. Nc3 Qc5+ 31. Kh1 Qc4 32. Kg1 Qd4+ 0-1

[Event "1.DeutChessOrgAmatPokVoelklingen GrAB"]
[Site "?"]
[Date "2000.10.08"]
[Round "3"]
[White "Welz, Peter Dr."]
[Black "Will, Mathias"]
[Result "1-0"]
[WhiteElo "2169"]
[BlackElo "2000"]
[PlyCount "59"]
[EventDate "2000.??.??"]

1. e4 Nf6 2. e5 Nd5 3. d4 d6 4. c4 Nb6 5. f4 dxe5 6. fxe5 Nc6 7. Be3 Bf5 8. Nc3
e6 9. Nf3 Be7 10. d5 Nb4 11. Rc1 O-O 12. a3 Na6 13. Bd3 Bxd3 14. Qxd3 f6 15.
O-O fxe5 16. Nxe5 exd5 17. Rxf8+ Bxf8 18. Nxd5 Nxd5 19. cxd5 Bd6 20. Nf3 Qe8
21. b4 Nb8 22. Bc5 Bxc5+ 23. bxc5 Nd7 24. d6 cxd6 25. cxd6 Rc8 26. Re1 Qh5 27.
Qb3+ Kh8 28. Qxb7 Qc5+ 29. Kh1 Nf6 30. Qe7 1-0

[Event "1.DeutChessOrgAmatPokVoelklingen GrAB"]
[Site "?"]
[Date "2000.10.08"]
[Round "3"]
[White "Berrang, Gerrit"]
[Black "Mischke, Luis"]
[Result "1/2-1/2"]
[WhiteElo "1833"]
[BlackElo "2063"]
[PlyCount "42"]
[EventDate "2000.??.??"]

1. e4 Nf6 2. Nc3 d5 3. exd5 Nxd5 4. Bc4 c6 5. Nge2 Bg4 6. O-O e6 7. Ne4 Be7 8.
h3 Bf5 9. N4g3 Bg6 10. d4 O-O 11. Bd3 Nd7 12. Bxg6 hxg6 13. c4 N5b6 14. b3 e5
15. Bb2 exd4 16. Nxd4 Nc5 17. Qc2 a5 18. Rad1 Qc7 19. Rfe1 Bf6 20. Nf3 Bxb2 21.
Qxb2 Rfe8 1/2-1/2

[Event "1.DeutChessOrgAmatPokVoelklingen GrAB"]
[Site "?"]
[Date "2000.10.08"]
[Round "3"]
[White "Bertino, Paolo"]
[Black "Hilpisch, Ralf"]
[Result "0-1"]
[WhiteElo "2136"]
[BlackElo "1932"]
[PlyCount "98"]
[EventDate "2000.??.??"]

1. d4 d5 2. Nf3 c6 3. Bf4 Qb6 4. Qc1 Bf5 5. e3 Nf6 6. Nbd2 Nbd7 7. c4 e6 8. Be2
Be7 9. h3 h6 10. O-O O-O 11. c5 Qd8 12. b4 Ne4 13. a4 f6 14. Nb3 Re8 15. Bh2
Bf8 16. Qb2 g5 17. Ra3 Bg7 18. Na5 Qc8 19. b5 e5 20. Rc1 Rb8 21. Rb3 Qc7 22.
bxc6 bxc6 23. Nb7 Bg6 24. a5 f5 25. a6 f4 26. Qa2 Bf6 27. Bd3 h5 28. Rcb1 g4
29. hxg4 hxg4 30. Ne1 g3 31. fxg3 fxg3 32. Bxg3 Nf8 33. Bh2 Qh7 34. R3b2 Qh6
35. Re2 Nc3 36. Qd2 Nxe2+ 37. Qxe2 e4 38. Bc2 Ra8 39. Nd6 Reb8 40. Nb7 Re8 41.
Nd6 Re7 42. Bd1 Bg5 43. Rb3 Rh7 44. g3 Ne6 45. Nc2 Be7 46. Nb7 Ng5 47. Ne1 Rf8
48. Na5 Nh3+ 49. Kh1 Nf2+ 0-1

[Event "1.DeutChessOrgAmatPokVoelklingen GrAB"]
[Site "?"]
[Date "2000.10.08"]
[Round "3"]
[White "Reinke, Kurt"]
[Black "Braun, Burckhard"]
[Result "1-0"]
[WhiteElo "1841"]
[BlackElo "1965"]
[PlyCount "101"]
[EventDate "2000.??.??"]

1. d4 d5 2. c4 c6 3. Nf3 Nf6 4. Nc3 g6 5. e3 Bg7 6. Qb3 O-O 7. Ne5 Nbd7 8. f4
e6 9. Be2 Nxe5 10. fxe5 dxc4 11. Qxc4 Nd5 12. O-O f6 13. exf6 Rxf6 14. Bd2 a6
15. Ne4 Rxf1+ 16. Rxf1 e5 17. dxe5 Bxe5 18. Bb4 Bf5 19. Ng3 Bxg3 20. hxg3 Qg5
21. Bc5 Re8 22. Bf3 Be6 23. Qb3 b5 24. Qd3 Qxg3 25. Qd4 Qg5 26. b3 a5 27. Ba3
Qxe3+ 28. Qxe3 Nxe3 29. Bxc6 Nxf1 30. Bxe8 b4 31. Bc1 Ng3 32. Bb5 Kf7 33. Bf4
Ne4 34. Bc7 Nc3 35. Ba4 Nxa2 36. Bxa5 Ke7 37. Kf2 Kd6 38. Ke3 h5 39. Kf4 Bf5
40. g3 Kd5 41. Kg5 Ke4 42. Bc6+ Kd3 43. Be8 Nc3 44. Bxb4 Ne4+ 45. Kf4 Ke2 46.
Be7 Nc3 47. Bf7 Kf2 48. Bc5+ Kg2 49. Bc4 Ne4 50. Bd5 g5+ 51. Kxf5 1-0

[Event "1.Deut.ChessOrgAmatPok Voelklingen Sen"]
[Site "?"]
[Date "2000.10.08"]
[Round "3"]
[White "Gerhardt, Peter-Michael"]
[Black "Simon, Eberhard"]
[Result "1-0"]
[WhiteElo "2145"]
[BlackElo "1847"]
[PlyCount "47"]
[EventDate "2000.??.??"]

1. d4 Nf6 2. Nf3 e6 3. c4 b6 4. Nc3 Bb7 5. Bg5 Bb4 6. Rc1 h6 7. Bd2 O-O 8. e3
d5 9. cxd5 exd5 10. Bd3 Nbd7 11. O-O Re8 12. a3 Bxc3 13. Bxc3 Rc8 14. b4 Ne4
15. Qb3 Ndf6 16. h3 Nxc3 17. Rxc3 Ne4 18. Rc2 Qf6 19. Rfc1 c6 20. a4 g5 21. Ne5
Kg7 22. Rf1 Qd6 23. Bxe4 dxe4 24. Qxf7+ 1-0

[Event "1.Deut.ChessOrgAmatPok Voelklingen Sen"]
[Site "?"]
[Date "2000.10.08"]
[Round "3"]
[White "Escher, Helmut"]
[Black "Moeckel, Edgar Dr."]
[Result "1/2-1/2"]
[WhiteElo "2039"]
[BlackElo "2107"]
[PlyCount "81"]
[EventDate "2000.??.??"]

1. e4 d5 2. exd5 Qxd5 3. d4 e5 4. dxe5 Qxe5+ 5. Qe2 Qxe2+ 6. Bxe2 Bf5 7. c3 Bd6
8. Nf3 c6 9. Bg5 h6 10. Bh4 Nd7 11. Nbd2 Ngf6 12. Nc4 Bc7 13. Bg3 Bxg3 14. hxg3
O-O 15. O-O Bg6 16. Rad1 Rfe8 17. Rfe1 Re7 18. Nd6 Nc5 19. Nh4 Bh7 20. Bc4 Rd7
21. Rd4 b5 22. Bf1 Ne6 23. Rd2 Rad8 24. Red1 Bc2 25. Rxc2 Rxd6 26. Rxd6 Rxd6
27. Nf5 Rd7 28. Be2 Kf8 29. Bf3 Nd8 30. Kf1 Ng8 31. Ke1 g6 32. Nd4 Ne7 33. Rd2
Ke8 34. Kd1 a6 35. Kc2 h5 36. Re2 Kf8 37. Re4 Rd6 38. b4 f6 39. Re1 Kf7 40. g4
Nd5 41. Ra1 1/2-1/2

[Event "1.Deut.ChessOrgAmatPok Voelklingen Sen"]
[Site "?"]
[Date "2000.10.08"]
[Round "3"]
[White "Fleckner, Hans"]
[Black "Schampel, Arno"]
[Result "0-1"]
[WhiteElo "1817"]
[BlackElo "1755"]
[PlyCount "58"]
[EventDate "2000.??.??"]

1. e4 c5 2. Nf3 d6 3. d4 cxd4 4. Nxd4 Nf6 5. Nc3 a6 6. Bg5 e6 7. f4 Be7 8. Qf3
Qc7 9. O-O-O Nc6 10. g4 h6 11. Bh4 Nxd4 12. Rxd4 e5 13. Rc4 Qa5 14. Bxf6 Bxf6
15. Ra4 Qd8 16. fxe5 dxe5 17. Nd5 Bg5+ 18. Kb1 O-O 19. Ra3 Be6 20. Rd3 Qa5 21.
h4 Bxh4 22. b4 Qd8 23. Ne3 Qe7 24. a3 Bg5 25. Nf5 Qc7 26. Qe2 Bc4 27. Rc3 b5
28. Qf3 Rac8 29. Ne3 Ba2+ 0-1

[Event "1.Deut.ChessOrgAmatPok Voelklingen Sen"]
[Site "?"]
[Date "2000.10.08"]
[Round "3"]
[White "Gimber, Robert"]
[Black "Leschhorn, Heinrich"]
[Result "0-1"]
[WhiteElo "1684"]
[BlackElo "1817"]
[PlyCount "98"]
[EventDate "2000.??.??"]

1. d4 f5 2. c4 e6 3. Nc3 Nf6 4. Nf3 Be7 5. e3 O-O 6. Bd3 d6 7. O-O c6 8. Qc2
Na6 9. a3 Qe8 10. e4 fxe4 11. Nxe4 Qh5 12. Ng3 Qe8 13. Re1 Nc7 14. Bg5 Qf7 15.
Bh4 g6 16. Bg5 Re8 17. h3 Qg7 18. Qd2 Nd7 19. Bh6 Qf7 20. Re2 Bf6 21. Rae1 Nf8
22. Qf4 Be7 23. Ne4 Qxf4 24. Bxf4 Rd8 25. Neg5 Bxg5 26. Bxg5 Rd7 27. Bh6 Rf7
28. Ng5 Re7 29. Ne4 Ne8 30. Bg5 Rf7 31. Nc3 Bd7 32. Bh6 Ng7 33. g4 d5 34. Re3
Re8 35. Ne2 Bc8 36. Nf4 Rd8 37. cxd5 exd5 38. Re7 Nfe6 39. Rxf7 Kxf7 40. Nxe6
Nxe6 41. Be3 Re8 42. Kf1 b6 43. f3 c5 44. f4 Bb7 45. f5 gxf5 46. Bxf5 Nxd4 47.
Bxh7 Rh8 48. Bb1 Nf3 49. Re2 d4 0-1

[Event "1.Deut.ChessOrgAmatPok Voelklingen Sen"]
[Site "?"]
[Date "2000.10.08"]
[Round "3"]
[White "Backes, Robert"]
[Black "Wolf, Alfred"]
[Result "1/2-1/2"]
[WhiteElo "1642"]
[BlackElo "1800"]
[PlyCount "58"]
[EventDate "2000.??.??"]

1. e4 d5 2. exd5 Qxd5 3. Nc3 Qa5 4. g3 c6 5. Bg2 g6 6. d3 Bg7 7. Bd2 Nf6 8. Nd5
Qd8 9. Nxf6+ Bxf6 10. Bc3 e5 11. Qf3 O-O 12. Ne2 Bg7 13. O-O Be6 14. Qe3 Re8
15. Rfe1 Nd7 16. a3 Bd5 17. Rad1 Nf6 18. h3 Bxg2 19. Kxg2 Nd5 20. Qf3 f5 21.
Bd2 e4 22. dxe4 fxe4 23. Qb3 Qb6 24. Qxb6 axb6 25. c3 e3 26. Bxe3 Rxe3 27. Nf4
Rxe1 28. Rxe1 Rd8 29. Re2 Bf6 1/2-1/2

[Event "1.Deut.ChessOrgAmatPok Voelklingen Sen"]
[Site "?"]
[Date "2000.10.08"]
[Round "3"]
[White "Pukropski, Walter"]
[Black "Fiedler, Eduard"]
[Result "1-0"]
[WhiteElo "1796"]
[BlackElo "1736"]
[PlyCount "135"]
[EventDate "2000.??.??"]

1. d4 e5 2. d5 Nf6 3. c4 Bc5 4. e3 d6 5. Be2 O-O 6. Nc3 a6 7. g4 h6 8. h4 Nh7
9. Ne4 Ba7 10. Bd3 f5 11. gxf5 Bxf5 12. Qe2 Nd7 13. Bd2 Nhf6 14. Nxf6+ Qxf6 15.
Bxf5 Qxf5 16. Nh3 Nc5 17. Bc3 Rf7 18. O-O-O Re8 19. b4 Ne4 20. Be1 b5 21. cxb5
a5 22. bxa5 Rb8 23. a4 Nc5 24. Qc4 Ne4 25. Rh2 Qg4 26. Bc3 Nxf2 27. Qxg4 Nxg4
28. Re2 Nxe3 29. Rd3 Nf5 30. Re4 Ne7 31. Kb2 Bc5 32. Rc4 Nf5 33. Kb3 Ba7 34.
Re4 Re8 35. a6 Bb6 36. a5 Ba7 37. Ka4 Rb8 38. Rc4 Re7 39. Rc6 Bc5 40. Rxc5 dxc5
41. a7 Ra8 42. b6 Nd6 43. Bd2 cxb6 44. axb6 Rb7 45. Rb3 Nc8 46. Ba5 Nd6 47. h5
Kf7 48. Rf3+ Kg8 49. Rg3 Nc8 50. Rb3 Kf7 51. Nf2 c4 52. Rb4 Nd6 53. Ng4 e4 54.
Ne5+ Kf6 55. Nxc4 Nxc4 56. Rxc4 Ke5 57. Rc7 Rxc7 58. bxc7 Kxd5 59. Kb5 Kd6 60.
Kb6 Kd7 61. Kb7 g5 62. Kxa8 Kc8 63. Be1 Kxc7 64. Bf2 Kd8 65. Bg3 g4 66. Be1 Kc7
67. Bf2 Kd8 68. Bg3 1-0

[Event "1.Deut.ChessOrgAmatPok Voelklingen Sen"]
[Site "?"]
[Date "2000.10.08"]
[Round "3"]
[White "Haasper, Peter"]
[Black "Scheerer, Helmut"]
[Result "1-0"]
[WhiteElo "1782"]
[BlackElo "1851"]
[PlyCount "83"]
[EventDate "2000.??.??"]

1. d4 Nf6 2. c4 e5 3. dxe5 Ng4 4. Bf4 Nc6 5. Nf3 Bb4+ 6. Nbd2 Qe7 7. a3 Ncxe5
8. Nxe5 Nxe5 9. e3 Bxd2+ 10. Qxd2 d6 11. Be2 O-O 12. O-O b6 13. Rac1 Bb7 14. b4
Nd7 15. Rfd1 a5 16. Bd3 axb4 17. axb4 Be4 18. Bxe4 Qxe4 19. Qd5 Qxd5 20. cxd5
Rfc8 21. e4 f6 22. f3 Ne5 23. Bxe5 fxe5 24. Rc6 Ra4 25. Rdc1 Rxb4 26. Rxd6 cxd6
27. Rxc8+ Kf7 28. Rc7+ Kf6 29. Rd7 b5 30. Rxd6+ Kf7 31. Re6 Rb1+ 32. Kf2 b4 33.
Rxe5 b3 34. Re6 b2 35. Rb6 Rh1 36. Rxb2 Rxh2 37. e5 Rh5 38. Rb7+ Kf8 39. f4 Rf5
40. Kf3 g5 41. g3 gxf4 42. gxf4 1-0

[Event "1.Deut.ChessOrgAmatPok Voelklingen Sen"]
[Site "?"]
[Date "2000.10.08"]
[Round "3"]
[White "Dunkel, Horst"]
[Black "Passeier, Helmut"]
[Result "1/2-1/2"]
[WhiteElo "1651"]
[BlackElo "1825"]
[PlyCount "33"]
[EventDate "2000.??.??"]

1. Nf3 d5 2. g3 g6 3. Bg2 Bg7 4. d4 Nf6 5. O-O O-O 6. c3 Nbd7 7. Nbd2 Re8 8.
Re1 e5 9. dxe5 Nxe5 10. Nxe5 Rxe5 11. Nf3 Re8 12. h3 c6 13. Bf4 Nh5 14. Bg5 Qb6
15. Qb3 Qc5 16. Kh2 h6 17. Bd2 1/2-1/2

[Event "1.Deut.ChessOrgAmatPok Voelklingen Sen"]
[Site "?"]
[Date "2000.10.08"]
[Round "3"]
[White "Hennige, Anneliese"]
[Black "Wolf, Margot"]
[Result "0-1"]
[WhiteElo "100"]
[BlackElo "1166"]
[PlyCount "71"]
[EventDate "2000.??.??"]

1. e4 c6 2. Nf3 d5 3. e5 Bf5 4. d4 e6 5. Nc3 Ne7 6. Be2 Ng6 7. O-O Be7 8. a3
O-O 9. Re1 Nd7 10. b4 b6 11. Bb2 c5 12. dxc5 bxc5 13. Na4 c4 14. c3 Qb8 15. Qd4
Bd8 16. Bc1 Bc7 17. Bd1 Ndxe5 18. Nxe5 Nxe5 19. Nc5 Qb6 20. Re3 Rfd8 21. Rg3
Bg6 22. f4 Nd7 23. Bh5 Nf8 24. Bd2 Re8 25. Re1 Rad8 26. Rg5 f6 27. Rg3 Bxh5 28.
Qxf6 Bg6 29. Qd4 Bd6 30. Be3 Bxc5 31. bxc5 Qb3 32. Bc1 Qb7 33. h4 Bh5 34. Qxg7+
Qxg7 35. Rxg7+ Kxg7 36. Re5 0-1

[Event "1.Deut.ChessOrgAmatPok Voelklingen GrC"]
[Site "?"]
[Date "2000.10.08"]
[Round "3"]
[White "Ragg, Wolfgang"]
[Black "Conrad, Egon"]
[Result "1-0"]
[WhiteElo "1695"]
[BlackElo "1643"]
[PlyCount "99"]
[EventDate "2000.??.??"]

1. e4 d5 2. exd5 Qxd5 3. Nc3 Qa5 4. Nf3 Nf6 5. Be2 c6 6. d4 Bf5 7. Bd2 e6 8.
O-O Qc7 9. Bg5 Nbd7 10. Re1 h6 11. Bh4 Bd6 12. Bd3 Bg4 13. Bg3 Bxg3 14. hxg3
O-O-O 15. Qd2 Bxf3 16. gxf3 h5 17. b4 a6 18. a4 Nb8 19. Ne2 g5 20. Qxg5 Nd5 21.
b5 Nb4 22. bxa6 N8xa6 23. Bxa6 Nxa6 24. Reb1 Rdg8 25. Qf4 Qe7 26. Rb6 h4 27.
Rab1 hxg3 28. fxg3 Rh4 29. Qd2 Qc7 30. f4 Rh3 31. Rxb7 Qxb7 32. Rxb7 Kxb7 33.
Kg2 Rgh8 34. Qd3 Rh1 35. Nc3 R8h2+ 36. Kf3 Rc1 37. Ne4 Rhxc2 38. Nd6+ Ka7 39.
Qh7 Rc3+ 40. Kg4 Kb6 41. Qxf7 Rg1 42. Qxe6 Rcxg3+ 43. Kf5 Nc7 44. Qc8 Nd5 45.
Nc4+ Ka7 46. Qd7+ Kb8 47. Qd6+ Ka7 48. Ne5 Rg8 49. Nxc6+ Ka8 50. Qxd5 1-0

[Event "1.Deut.ChessOrgAmatPok Voelklingen GrC"]
[Site "?"]
[Date "2000.10.08"]
[Round "3"]
[White "Schroeder, Werner"]
[Black "Kemmer, Josef"]
[Result "1/2-1/2"]
[WhiteElo "1620"]
[BlackElo "1534"]
[PlyCount "37"]
[EventDate "2000.??.??"]

1. e4 c5 2. Nc3 e6 3. f4 Nc6 4. Nf3 d6 5. Bb5 Bd7 6. Bxc6 Bxc6 7. d4 cxd4 8.
Qxd4 Qc7 9. Be3 b6 10. O-O-O O-O-O 11. Qc4 Ne7 12. Rd2 d5 13. exd5 exd5 14.
Qa6+ Qb7 15. Qxb7+ Kxb7 16. Ne5 Be8 17. Rhd1 f6 18. Nf3 Bf7 19. g4 1/2-1/2

[Event "1.Deut.ChessOrgAmatPok Voelklingen GrC"]
[Site "?"]
[Date "2000.10.08"]
[Round "3"]
[White "Kirschner, Gerhard Dr."]
[Black "Rossmanith, Frederic"]
[Result "1-0"]
[WhiteElo "1401"]
[BlackElo "1450"]
[PlyCount "73"]
[EventDate "2000.??.??"]

1. d4 Nf6 2. c4 e6 3. Nf3 Bb4+ 4. Nc3 c5 5. Bg5 cxd4 6. Nxd4 O-O 7. a3 Be7 8.
Qc2 Nc6 9. e3 Nxd4 10. exd4 d5 11. c5 a6 12. Bd3 Ne4 13. Bxe7 Qxe7 14. Nxe4
dxe4 15. Bxe4 f5 16. Bf3 Rb8 17. O-O Bd7 18. Rfe1 Qf6 19. Rad1 Bc6 20. Bxc6
bxc6 21. b4 f4 22. f3 Qh6 23. Qe4 Rf6 24. Rd2 Rc8 25. Rde2 Qg5 26. Qc2 Qh6 27.
Qc4 Re8 28. Qxa6 Kf7 29. Qxc6 Rg6 30. Qe4 Qg5 31. Qe5 Qh6 32. d5 Qh4 33. d6 h5
34. Qe4 Qg5 35. Qd4 h4 36. h3 Qg3 37. Qf2 1-0

[Event "1.Deut.ChessOrgAmatPok Voelklingen GrC"]
[Site "?"]
[Date "2000.10.08"]
[Round "3"]
[White "Schreiber, Winfried"]
[Black "Schwabe, Manfred"]
[Result "1-0"]
[WhiteElo "1452"]
[BlackElo "1675"]
[PlyCount "100"]
[EventDate "2000.??.??"]

1. c4 Nf6 2. Nf3 g6 3. Nc3 Bg7 4. g3 b6 5. Bg2 Bb7 6. O-O c5 7. d3 O-O 8. e4 d6
9. Re1 Nbd7 10. a3 Ne8 11. Rb1 e6 12. Bg5 f6 13. Bd2 Nc7 14. Qc1 Re8 15. h4 d5
16. Bh6 d4 17. Bxg7 Kxg7 18. Ne2 e5 19. Nd2 Qe7 20. f4 h6 21. Nf3 Rac8 22. Rf1
Rf8 23. Bh3 Rb8 24. f5 g5 25. g4 a5 26. b3 Na6 27. hxg5 hxg5 28. Kf2 Rh8 29.
Rh1 Rbg8 30. Ng3 Kf7 31. Bg2 Bc6 32. Rxh8 Rxh8 33. Nh5 Ndb8 34. Qd2 Rh7 35. Rh1
Be8 36. Nxf6 Rxh1 37. Nd5 Qd8 38. Nxg5+ Kg8 39. Ne6 Qh4+ 40. Kf3 Re1 41. Qg5+
Qxg5 42. Nxg5 Nd7 43. Ne6 Rb1 44. g5 Rxb3 45. Bf1 Rxa3 46. Kg3 Ra1 47. Bg2 Rg1
48. Kf3 Bh5+ 49. Kf2 Rd1 50. g6 Nb4 1-0